Регионална библиотека "Любен Каравелов" - Русе

Криптохристиянство и религиозен синкретизъм на Балканите (Запис номер 100742)

MARC детайли
000 -Лидер
Контролно поле с фиксирана дължина nam a22 a 4500
003 - Код на организацията, давaща контролен номер
Контролно поле BLK
005 - Дата и час на последна редакция
Контролно поле 20210202085611.0
008 - Елементи от данни с фиксирана дължина
fixed length control field 180409b bul|||||r ||||||| ||bul||
010 ## - Наследен системен номер
LC control number KNG00105767000
020 ## - Международен стандартен номер на книга ISBN
Международен стандартен номер на книга ISBN 954-8458-16-0
040 ## - Източник на каталожния запис
Идентификатор на билиотеката - собственик на записа BLK
041 ## - Код за език
Код за езика на текст/звукозапис или на отделно заглавие Български
Код за езика КДБФ Български
080 ## - УДК
Текстов определител УДК Християнска религия
УДК код - определител по УДК 23/28
УДК определител (497)(091)(063)
УДК - код + определител 23/28(497)(091)(063)
080 ## - УДК
Текстов определител УДК Паметници на културата на историческите периоди. Археологическите паметници. Старини
УДК код - определител по УДК 904
УДК определител (497)(063)
УДК - код + определител 904(497)(063)
139 ## - Редно поле
Редна дума Криптохристиянство и религиозен синкретизъм на Балканите
Авторски знак Кре - К 90
245 10 - Сведения за заглавието
Заглавие Криптохристиянство и религиозен синкретизъм на Балканите
Редно поле (дума) състав. Никола Дамянов; под ред. на Страшимир Димитров; под ред. на Рачко Попов.
257 ## - Страна на издаване
Страна на създаване/издаване България
260 ## - Област на издателските данни
Име на издателя, разпространителя и проч. Кота
Година на издаване 2002
Място на издаване, разпространение и проч. София
300 ## - Физическа характеристика
Страници 196 с.
Илюстрации и др. с ил.
Размери/Мащаб 26 см
380 ## - Жанр
Жанр Религия. Теология
500 ## - Общи забележки
Забележка Сб. докл. и науч. съобщения от симпозиум, проведен в гр.Смолян,14-16 окт. 1994 г.
650 #4 - Допълнително описание по предмет – тема
Основно описание – тема или топоним Християнство - балкански страни - разпространение
9 (RLIN) 308562
650 #4 - Допълнително описание по предмет – тема
Основно описание – тема или топоним Религиозна символика
9 (RLIN) 259820
650 #4 - Допълнително описание по предмет – тема
Основно описание – тема или топоним Археологически паметници - балкански страни
9 (RLIN) 308563
653 ## - Ключова дума – ненормативна
Ключова дума археологически паметници
653 ## - Ключова дума – ненормативна
Ключова дума Балкански полуостров
700 1# - Други автори (авторска отговорност)
Лично име Дамянов, Никола
Автороска отговорност (Описва отношението между автора и произведението) състав.
9 (RLIN) 374696
700 1# - Други автори (авторска отговорност)
Лично име Димитров, Страшимир
Автороска отговорност (Описва отношението между автора и произведението) под ред. на
9 (RLIN) 366093
700 1# - Други автори (авторска отговорност)
Лично име Попов, Рачко
Автороска отговорност (Описва отношението между автора и произведението) под ред. на
9 (RLIN) 369189
852 ## - Местоположение
Форматна сигнатура Цб ІІ 11943
856 4# - Електронен адрес и достъп
Електронен формат pdf - файл
856 4# - Електронен адрес и достъп
Електронен формат pdf - файл
999 ## - СИСТЕМНИ КОНТРОЛНИ НОМЕРА
Koha biblionumber 100742
Koha biblioitemnumber 100742
942 ## - АРТИКУЛИ
Вид на библиотечния материал Книги
Скрит в OPAC Не
Периодичен библиозапис Да
944 ## - СЪЗДАВАНЕ И РЕДАКЦИЯ на ЗАПИСА
Създаване/Редакция Създаване
Дата на регистрацията/редакция 01.01.2002
944 ## - СЪЗДАВАНЕ И РЕДАКЦИЯ на ЗАПИСА
Създаване/Редакция Редакция
Дата на регистрацията/редакция 26.05.2003
999 ## - СИСТЕМНИ КОНТРОЛНИ НОМЕРА
Koha biblioitemnumber 100742
Наличности
Код за отписване Код за изгубен артикул Код за повреда Коз за рестрикции Код за отдаване Артикулен № Име на библиотеката - собственик Име на библиотеката, в която се намира в момента Статус (Текущо местоположение) Дата на вписване в системата Местоположение - отдел Цена в лева Инвентарен номер Систематично азбучна сигнатура Баркод Номер на екземпляра Цена в евро Служебна бележка Служебен тип на артикула
  Не е изгубен Не е повреден без рестрикции ползва се в читалня 162115 Регионална библиотека "Любен Каравелов" Русе Регионална библиотека "Любен Каравелов" Русе Хранилище 2003-04-14 Хранилище 0.00 120000675806 Цб ІІ 11943 120000675806 1 0.00 Дост: Dp Вид: Д N: 25 Дата: 10.06.2002 Книги
Vip Innovations Ltd, Rousse, Bulgaria 2025